Associe chaque jeu à son image - Animal Crossing - Statistiques

Statistiques générales
  • Ce quiz a été pris 47 fois
  • Le résultat moyen est 8 sur 9
Statistiques - réponses
Question Réponse % Correct
Animal Crossing : New Horizons (2020)
98%
Animal Crossing : Pocket Camp (2017)
95%
Animal Crossing Plaza (2013)
93%
Animal Crossing : Happy Home Designer (2015)
93%
Animal Crossing : Let's go to the City (2008)
90%
Animal Crossing : Amiibo Festival (2015)
90%
Animal Crossing New Leaf (2012)
83%
Animal Crossing (2002/2004)
73%
Animal Crossing : Wild World (2005)
65%
Aucun quiz correspondant
Distribution des résultats
% des personnes avec chaque résultat
Percentile par nombre de réponses
Votre historique - résultats
Vous n’avez pas pris ce quiz